[Event "Tournoi Skype 032B"]
[Site "Skype"]
[Date "????.??.??"]
[Round "5.50"]
[White "Hargez, Dany"]
[Black "Coutellier, Olivia"]
[Result "0-1"]
[WhiteElo "1578"]
[BlackElo "1400"]
[PlyCount "74"]

1. e4 e5 2. Nf3 Nc6 3. Nxe5 Nxe5 4. d4 Nc4 5. Bxc4 Bb4+ 6. c3 Bc5 7. dxc5 d5 8.
Bxd5 Qe7 9. O-O Nf6 10. Bc4 O-O 11. Bg5 Bg4 12. f3 Bh5 13. Nd2 Qxc5+ 14. Kh1
Qxg5 15. e5 Qxe5 16. Re1 Qf4 17. Be2 Rad8 18. Qb3 Rxd2 19. Qxb7 a5 20. a4 Nd5
21. Rad1 Qg5 22. Rxd2 Qxd2 23. Rd1 Qxe2 24. Qxd5 c6 25. Qd4 c5 26. Qd5 Qf2 27.
Qxh5 Re8 28. h3 Re2 29. Rg1 h6 30. Qg4 Rxb2 31. h4 Rc2 32. Qc8+ Kh7 33. Qf5+
Kh8 34. Qc8+ Kh7 35. Qf5+ g6 36. Qxf7+ Kh8 37. Qxg6 Qxh4# 0-1

[Event "Tournoi Skype 032B"]
[Site "Skype"]
[Date "????.??.??"]
[Round "5.51"]
[White "Ahrens, Melanie"]
[Black "Guzman Diaz, Valeria"]
[Result "1-0"]
[WhiteElo "1550"]
[BlackElo "1400"]
[PlyCount "89"]

1. e4 d6 2. d4 h5 3. Nf3 e6 4. Nc3 Be7 5. Bc4 g5 6. O-O g4 7. Ne1 Bh4 8. Bf4 a6
9. g3 Be7 10. d5 e5 11. Be3 Nf6 12. a3 b5 13. Ba2 Nbd7 14. Nd3 Rb8 15. Re1 Bb7
16. Bg5 c6 17. Nb4 c5 18. Nc6 Qc8 19. Nxb8 Qxb8 20. Bxf6 Nxf6 21. b4 h4 22.
bxc5 Kd7 23. c6+ Bxc6 24. dxc6+ Kxc6 25. Bxf7 Qf8 26. Bd5+ Kc7 27. Qd2 hxg3 28.
hxg3 Rh3 29. Kf1 Qh8 30. Be6 Bf8 31. Nd5+ Kd8 32. Qa5+ Ke8 33. Nxf6+ Qxf6 34.
Bxg4 Rh1+ 35. Ke2 Rh2 36. Rf1 Rg2 37. Qc7 Be7 38. Qd7+ Kf7 39. Bh5+ Kg7 40. Qh3
Rxf2+ 41. Rxf2 Qg5 42. Rf5 Kh6 43. Be8+ Kg7 44. Rf7+ Kg6 45. Qh7# 1-0

[Event "Tournoi Skype 032B"]
[Site "Skype"]
[Date "????.??.??"]
[Round "5.52"]
[White "Kumar, Ajeet"]
[Black "Bucherie, Volcy"]
[Result "1-0"]
[WhiteElo "1400"]
[BlackElo "1538"]
[PlyCount "51"]

1. e3 Nf6 2. d4 d5 3. h3 g6 4. Bd2 Bg7 5. Bc3 O-O 6. Nd2 Nc6 7. Be2 e5 8. Ngf3
exd4 9. Nxd4 Nxd4 10. Bxd4 c6 11. h4 h5 12. Bxf6 Bxf6 13. g4 Bxb2 14. Rb1 Bc3
15. gxh5 Qa5 16. hxg6 Bxd2+ 17. Qxd2 Qxa2 18. Rc1 fxg6 19. Qd3 Bf5 20. Qd2 Be4
21. Rg1 Rf7 22. h5 Raf8 23. Bd3 Bxd3 24. Qxd3 Rxf2 25. Qxg6+ Kh8 26. Qg7# 1-0

[Event "Tournoi Skype 032B"]
[Site "Skype"]
[Date "????.??.??"]
[Round "5.53"]
[White "Lecluyse, Koenraad"]
[Black "Melo, Marcelo"]
[Result "1-0"]
[WhiteElo "1458"]
[BlackElo "1400"]
[PlyCount "51"]

1. d4 d5 2. Nf3 Nf6 3. Bf4 Nbd7 4. e3 e6 5. Bd3 c5 6. c3 cxd4 7. cxd4 Bb4+ 8.
Nc3 O-O 9. O-O h6 10. e4 dxe4 11. Nxe4 Nxe4 12. Bxe4 Re8 13. Rc1 Nb6 14. Qb3 a5
15. Rfd1 Qf6 16. Be5 Qe7 17. a3 a4 18. Qd3 Bd6 19. Qb5 Bd7 20. Qxb6 Ra6 21.
Qxb7 Bxe5 22. Nxe5 Rd8 23. Qxa6 Qg5 24. Rc7 Qf4 25. Rxd7 Rxd7 26. Qa8+ 1-0

[Event "Tournoi Skype 032B"]
[Site "Skype"]
[Date "????.??.??"]
[Round "5.54"]
[White "Mascarenhas, Marco"]
[Black "Vargas, Elvin"]
[Result "1-0"]
[WhiteElo "1400"]
[BlackElo "1443"]
[PlyCount "36"]

1. e4 e5 2. Nf3 Nc6 3. d4 d6 4. dxe5 dxe5 5. Qxd8+ Kxd8 6. Nc3 Nf6 7. Bg5 Bc5
8. Nd5 Nd4 9. Nxd4 Bxd4 10. Nxf6 Bxb2 11. Rb1 Bc3+ 12. Kd1 Bg4+ 13. f3 Be6 14.
Nd5+ f6 15. Nxf6 h6 16. Nd5+ hxg5 17. Nxc3 Kd7 18. Rxb7 Rh5 1-0

[Event "Tournoi Skype 032B"]
[Site "Skype"]
[Date "????.??.??"]
[Round "5.55"]
[White "Podesta, Javier"]
[Black "Hernandez Lopez, Joaquin"]
[Result "0-1"]
[WhiteElo "1400"]
[BlackElo "1439"]
[PlyCount "112"]

1. d4 f5 2. Bf4 e6 3. Nf3 Nf6 4. e3 d5 5. Nbd2 Bd6 6. c4 Bxf4 7. exf4 c6 8. b3
Qd6 9. cxd5 cxd5 10. Rc1 Nc6 11. Bb5 a6 12. Bxc6+ bxc6 13. O-O Bb7 14. Re1 O-O
15. a4 Rfe8 16. Ne5 Rac8 17. Rb1 c5 18. dxc5 Rxc5 19. b4 Rc7 20. Ndc4 Qe7 21.
Nb6 Rd8 22. Qd3 d4 23. a5 Rc3 24. Qg3 Rxg3 25. hxg3 d3 26. Red1 Qd6 27. Nbc4
Qd4 28. Rbc1 Ne4 29. Kh2 Nxf2 30. Rd2 Ne4 31. Rxd3 Qxd3 32. Nxd3 Rxd3 33. Re1
Nxg3 34. Ne3 Ne4 35. Nf1 Nd2 36. Ng3 Ne4 37. Ne2 Nf6 38. g3 Nd5 39. Kh3 Rb3 40.
Nc1 Rxb4 41. Rxe6 Kf7 42. Re5 Ne7 43. Nd3 Rb5 44. Nc5 g6 45. g4 Nc6 46. Rd5 Bc8
47. gxf5 Bxf5+ 48. Kh4 Be6 49. Rg5 Rxa5 50. Nb7 Rxg5 51. Kxg5 Bd5 52. Nd6+ Kg7
53. f5 gxf5 54. Nxf5+ Kh8 55. Ne3 Bb3 56. Kh6 Ne5 0-1

[Event "Tournoi Skype 032B"]
[Site "Skype"]
[Date "????.??.??"]
[Round "5.57"]
[White "Guillen Andrinal, Pablo"]
[Black "Bosetti, Giancarlo"]
[Result "1/2-1/2"]
[WhiteElo "1411"]
[BlackElo "1389"]
[PlyCount "37"]

1. e4 e5 2. Nf3 Nc6 3. d4 exd4 4. Nxd4 Nxd4 5. Qxd4 Qe7 6. Nc3 d6 7. Nd5 Qd7 8.
Qc3 c6 9. Ne3 Nf6 10. Bd3 Be7 11. O-O O-O 12. Nf5 Re8 13. Nxe7+ Rxe7 14. Bg5
Qe6 15. Rfe1 Qe5 16. Qxe5 dxe5 17. Bxf6 gxf6 18. Rf1 Bd7 19. f4 1/2-1/2

[Event "Tournoi Skype 032B"]
[Site "Skype"]
[Date "????.??.??"]
[Round "5.58"]
[White "Cisterna, Manuel"]
[Black "Rodgerson, Michael"]
[Result "1-0"]
[WhiteElo "1400"]
[BlackElo "1307"]
[PlyCount "47"]

1. d4 e5 2. dxe5 Nc6 3. h4 d5 4. Nf3 Bd7 5. Bg5 h6 6. Bxd8 Nxd8 7. Nc3 Ne6 8.
Nxd5 O-O-O 9. Qd3 Bc5 10. Qc3 c6 11. g3 cxd5 12. Bh3 Nf8 13. Qxc5+ Kb8 14. Bxd7
Rxd7 15. O-O-O Rd8 16. Rxd5 Re8 17. Rhd1 Ne6 18. Qb4 Ne7 19. Rb5 Rc8 20. Nd4 a6
21. Rxb7+ Ka8 22. Qb6 Nxd4 23. Rxd4 Rhf8 24. Qxa6# 1-0

[Event "Tournoi Skype 032B"]
[Site "Skype"]
[Date "????.??.??"]
[Round "5.59"]
[White "Santa Cruz, Oscar Ruben"]
[Black "Coraza, Diana"]
[Result "0-1"]
[WhiteElo "1393"]
[BlackElo "1400"]
[PlyCount "56"]

1. e4 e5 2. Nf3 Nc6 3. Bc4 Bc5 4. O-O Nf6 5. d3 O-O 6. c3 d6 7. Be3 a6 8. Nbd2
b5 9. Bb3 Bb7 10. Qe2 Qe7 11. Bg5 Nd8 12. d4 Ba7 13. dxe5 dxe5 14. c4 Bc5 15.
Bc2 Ne6 16. Bxf6 Qxf6 17. Rfe1 Rad8 18. Nf1 Nf4 19. Qd1 Rxd1 20. Raxd1 Bc8 21.
h3 Qg6 22. g4 Nxh3+ 23. Kh2 Qh6 24. g5 Nxg5+ 25. Kg3 Nh3 26. Nh4 Qf4+ 27. Kg2
Qxf2+ 28. Kh1 Qg1# 0-1

[Event "Tournoi Skype 032B"]
[Site "Skype"]
[Date "????.??.??"]
[Round "5.60"]
[White "Ngwevela, Luzuko"]
[Black "Costa, Silveria"]
[Result "0-1"]
[WhiteElo "1381"]
[BlackElo "1400"]
[PlyCount "90"]

1. e4 e5 2. Bc4 Bc5 3. Nf3 Nc6 4. d3 d6 5. Ng5 Nh6 6. h3 Qf6 7. O-O O-O 8. c3
a5 9. d4 exd4 10. cxd4 Bxd4 11. Qf3 Qe7 12. Na3 Ne5 13. Qg3 c6 14. Nc2 c5 15.
Na3 b6 16. Nb5 Ba6 17. Nxd4 cxd4 18. Bxa6 Rxa6 19. Rd1 Nc6 20. Bf4 Rd8 21. Rac1
Rc8 22. Bxd6 Qd8 23. e5 b5 24. e6 fxe6 25. Nxe6 Qf6 26. Re1 Nf5 27. Qb3 Nxd6
28. Nc5+ Nc4 29. Qxb5 Ra7 30. Qxc4+ Kh8 31. Ne4 Qg6 32. Qb5 h5 33. Rc5 Rf7 34.
Rxh5+ Kg8 35. Rg5 Qh7 36. Nd6 Rfc7 37. Qc4+ Kh8 38. Nxc8 Rxc8 39. Rc5 Qh4 40.
Rxc6 Rf8 41. Re2 Rf6 42. Rc8+ Kh7 43. Qd3+ Rg6 44. Qe4 Qg5 45. Qe8 Qxg2# 0-1

[Event "Tournoi Skype 032B"]
[Site "Skype"]
[Date "????.??.??"]
[Round "5.63"]
[White "Carias, Nancy"]
[Black "Trapletti, Cosetta"]
[Result "1-0"]
[WhiteElo "1333"]
[BlackElo "1400"]
[PlyCount "119"]

1. d4 d5 2. f4 c6 3. Nf3 Bg4 4. Ne5 Qc7 5. Nxg4 e6 6. e3 Be7 7. Bd3 Nd7 8. c3
b5 9. Qc2 g6 10. a3 f5 11. Nh6 Nxh6 12. Bd2 Bf6 13. b4 O-O 14. O-O a6 15. Be1
Nb6 16. Nd2 Rfe8 17. Rf3 Nc4 18. Nf1 Nd6 19. Rh3 Ng4 20. Rd1 Kg7 21. Rg3 Ne4
22. Rh3 a5 23. g3 axb4 24. axb4 Ra3 25. c4 Nxe3 26. Nxe3 Bxd4 27. Bf2 Bb6 28.
g4 d4 29. Ng2 fxg4 30. Bh4 gxh3 31. Bxe4 hxg2 32. Qxg2 Qxf4 33. Bxg6 Rd3 34.
Bxd3+ Kf7 35. Bg3 Qg4 36. Rf1+ Ke7 37. h3 Qg7 38. Bh4+ Kd6 39. Qxg7 c5 40. Bg3+
e5 41. Qf6+ Re6 42. Qf8+ Kd7 43. Qf7+ Re7 44. Qf5+ Re6 45. Qxh7+ Kd6 46. Bf5
Re7 47. Qh6+ Kc7 48. Bh4 Re8 49. Qh7+ Kb8 50. Ra1 bxc4 51. Qh5 Rg8+ 52. Bg5
cxb4 53. Ra6 Kb7 54. Qh7+ Kxa6 55. Qxg8 d3+ 56. Kf1 b3 57. Qxc4+ Ka5 58. Qxb3
e4 59. Bxe4 d2 60. Bxd2+ 1-0

[Event "Tournoi Skype 032B"]
[Site "Skype"]
[Date "????.??.??"]
[Round "6.1"]
[White "Barrera Mendoza, Carlos"]
[Black "Conde, Abigail"]
[Result "1-0"]
[WhiteElo "1521"]
[BlackElo "1485"]
[PlyCount "111"]

1. e4 c5 2. Nc3 e6 3. f4 Nc6 4. Nf3 a6 5. a4 Nge7 6. Bc4 d5 7. Bb3 Na5 8. Ba2
c4 9. d3 b5 10. O-O b4 11. Ne2 Bb7 12. Ng3 g6 13. Qe1 Nec6 14. exd5 Qxd5 15.
dxc4 Nxc4 16. Qe2 N6a5 17. Be3 Bg7 18. Rfd1 Qc6 19. Nd4 Qc8 20. b3 Nb6 21. Rac1
O-O 22. Ndf5 exf5 23. Bxb6 Nc6 24. a5 Re8 25. Qd3 Qe6 26. Qc4 Qe7 27. Bc5 Qh4
28. Bf2 Qg4 29. h3 Nxa5 30. hxg4 Nxc4 31. bxc4 fxg4 32. Rd7 Bc6 33. Rc7 Ba4 34.
c5 Kh8 35. Bb3 Bxb3 36. cxb3 Rad8 37. Rxf7 Bc3 38. c6 Rc8 39. c7 Kg8 40. Rd7
Bf6 41. Re1 Rxe1+ 42. Bxe1 h6 43. Bxb4 h5 44. Be7 Kf7 45. Bxf6+ Kxf6 46. Ne4+
Ke6 47. Rg7 Kd5 48. Re7 Kd4 49. Nd6 Rxc7 50. Rxc7 h4 51. Rg7 h3 52. gxh3 gxh3
53. Rxg6 Ke3 54. f5 Kf4 55. f6 Ke5 56. f7 1-0

[Event "Tournoi Skype 032B"]
[Site "Skype"]
[Date "????.??.??"]
[Round "6.2"]
[White "Rivalta, Paolo"]
[Black "Parrales, Rodolfo"]
[Result "1/2-1/2"]
[WhiteElo "1499"]
[BlackElo "1533"]
[PlyCount "44"]

1. d4 g6 2. Nf3 Bg7 3. e4 d6 4. Nc3 Nd7 5. Bc4 Ngf6 6. O-O Nxe4 7. Nxe4 d5 8.
Bxd5 Nb6 9. Bb3 Bg4 10. c3 h5 11. Bf4 Nd5 12. Bxd5 Qxd5 13. Re1 O-O-O 14. Qd3
h4 15. h3 Bxh3 16. gxh3 Qf5 17. Bg5 Qxh3 18. Bxe7 Rde8 19. Neg5 Qg4+ 20. Kh2 h3
21. Rg1 Qf4+ 22. Rg3 Rxe7 1/2-1/2

[Event "Tournoi Skype 032B"]
[Site "Skype"]
[Date "????.??.??"]
[Round "6.3"]
[White "Nontsikelelo, Yvonne"]
[Black "Moumtaz, Abderrahim"]
[Result "1-0"]
[WhiteElo "1503"]
[BlackElo "1598"]
[PlyCount "39"]

1. e4 e5 2. Nf3 Nc6 3. Bc4 Bc5 4. d3 Nf6 5. c3 a6 6. Nbd2 O-O 7. Nf1 d6 8. Ng3
Bg4 9. h3 Bd7 10. b4 Ba7 11. a4 Ne7 12. Bg5 Ng6 13. Nh5 Kh8 14. O-O h6 15. Nxf6
gxf6 16. Bxh6 Rg8 17. Bxf7 Kh7 18. Bd2 Rg7 19. Ng5+ fxg5 20. Qh5# 1-0

[Event "Tournoi Skype 032B"]
[Site "Skype"]
[Date "????.??.??"]
[Round "6.4"]
[White "Ruiz Aguilera, Juan Jesus"]
[Black "Duthoit, Bernard"]
[Result "1-0"]
[WhiteElo "1500"]
[BlackElo "1566"]
[PlyCount "91"]

1. e4 e6 2. d4 d5 3. Nd2 c5 4. exd5 exd5 5. Ngf3 cxd4 6. Bb5+ Nc6 7. Nxd4 Bd7
8. Bxc6 bxc6 9. O-O Be7 10. N2f3 Nf6 11. Bg5 O-O 12. Re1 Re8 13. c3 Ne4 14. Be3
Rb8 15. Ne5 Qc7 16. Nxd7 Qxd7 17. Qa4 Rb6 18. Nb3 Rb7 19. f3 Nf6 20. Bc5 Bxc5+
21. Nxc5 Qc7 22. Rxe8+ Nxe8 23. Nxb7 Qxb7 24. Re1 Nf6 25. Qb4 Qxb4 26. cxb4 Kf8
27. Rc1 d4 28. Rd1 Ke7 29. Rxd4 Nd5 30. b5 Kd6 31. bxc6 Kxc6 32. Kf2 Kc5 33.
Ra4 Kb6 34. Ke2 a5 35. Rh4 h6 36. Rc4 g5 37. g4 Kb5 38. Rc8 Nf4+ 39. Ke3 h5 40.
gxh5 Nxh5 41. Rb8+ Kc4 42. b3+ Kc3 43. Rb5 Kb2 44. Rxg5 Nf6 45. Rxa5 Nd5+ 46.
Rxd5 1-0

[Event "Tournoi Skype 032B"]
[Site "Skype"]
[Date "????.??.??"]
[Round "6.5"]
[White "Yepez, German"]
[Black "Castanha, Marco"]
[Result "1-0"]
[WhiteElo "1476"]
[BlackElo "1547"]
[PlyCount "63"]

1. e4 e5 2. Nf3 Nc6 3. Nc3 Bc5 4. Be2 Nf6 5. Nxe5 Bxf2+ 6. Kxf2 Nxe5 7. d3 d6
8. Rf1 Nfg4+ 9. Kg1 O-O 10. d4 Nxh2 11. Kxh2 Qh4+ 12. Kg1 Ng4 13. Bxg4 Bxg4 14.
Qe1 Qd8 15. Bf4 Bh5 16. Qg3 Bg6 17. e5 dxe5 18. dxe5 Bxc2 19. Bg5 Qe8 20. Nd5
Qe6 21. Nxc7 Qg6 22. Nxa8 h6 23. Bf4 Qe6 24. Nc7 Qc6 25. e6 fxe6 26. Bxh6 Qc5+
27. Kh2 Qh5+ 28. Qh3 Qxh3+ 29. gxh3 gxh6 30. Rxf8+ Kxf8 31. Nxe6+ Kf7 32. Nd8+
1-0

[Event "Tournoi Skype 032B"]
[Site "Skype"]
[Date "????.??.??"]
[Round "6.6"]
[White "Ibanez, Bittor"]
[Black "Roberts, Mario"]
[Result "1-0"]
[WhiteElo "1440"]
[BlackElo "1519"]
[PlyCount "65"]

1. e4 c5 2. Nf3 Nc6 3. Bc4 Nf6 4. Nc3 d6 5. d4 Bg4 6. h3 Bxf3 7. gxf3 Nxd4 8.
Nd5 e6 9. Nxf6+ Qxf6 10. Bb5+ Nc6 11. Bxc6+ bxc6 12. h4 h5 13. Bg5 Qxb2 14. Rb1
Qxa2 15. Rb7 Qa6 16. Qb1 Rc8 17. Rb8 Qa5+ 18. Bd2 Qc7 19. Rxc8+ Qxc8 20. c4 Be7
21. f4 Bd8 22. Qa1 Qb7 23. Qxg7 Rf8 24. O-O Bxh4 25. f5 e5 26. Bh6 Be7 27. f6
Bxf6 28. Qxf8+ Kd7 29. Qxf7+ Be7 30. Bf8 Kd8 31. Bxe7+ Qxe7 32. Qxe7+ Kxe7 33.
Ra1 1-0

[Event "Tournoi Skype 032B"]
[Site "Skype"]
[Date "????.??.??"]
[Round "6.7"]
[White "Khatanhar, Mohit"]
[Black "Ruiz Gomez, Luz Alba"]
[Result "1-0"]
[WhiteElo "1515"]
[BlackElo "1472"]
[PlyCount "69"]

1. e4 e5 2. Nf3 Nc6 3. Bc4 Bc5 4. c3 Nf6 5. d4 exd4 6. cxd4 Bb4+ 7. Bd2 Bxd2+
8. Nbxd2 d5 9. exd5 Nxd5 10. O-O O-O 11. b3 Be6 12. Re1 Nc3 13. Qc2 Nxd4 14.
Qxc3 Bxc4 15. Qxc4 Nc6 16. Rad1 Qf6 17. Ne4 Qg6 18. Nh4 Qh6 19. Nf3 Rae8 20.
Re2 Qg6 21. Rde1 h6 22. Nh4 Qe6 23. Qc3 Qe5 24. Qxe5 Rxe5 25. Nf3 Re6 26. Nc5
Rxe2 27. Rxe2 b6 28. Nd7 Rd8 29. Rd2 Re8 30. g3 Kh7 31. Nh4 Ne7 32. Re2 c5 33.
Nf5 Rd8 34. Rxe7 Kg6 35. Nd6 1-0

[Event "Tournoi Skype 032B"]
[Site "Skype"]
[Date "????.??.??"]
[Round "6.8"]
[White "Ozturk, Ozgur"]
[Black "Guillaume, Mickael"]
[Result "1-0"]
[WhiteElo "1435"]
[BlackElo "1511"]
[PlyCount "59"]

1. e4 e5 2. Nf3 Nc6 3. d4 exd4 4. Nxd4 Bc5 5. Be3 Qf6 6. c3 Nge7 7. Be2 a6 8.
O-O d6 9. a3 Qg6 10. f3 Bh3 11. Rf2 O-O 12. Kh1 Be6 13. Nd2 b5 14. f4 Qf6 15.
N2f3 h6 16. Qd2 Rfe8 17. Nxe6 Bxe3 18. Qxe3 Qxe6 19. Nd4 Nxd4 20. cxd4 Ng6 21.
Bd3 Nf8 22. f5 Qd5 23. f6 Qb3 24. e5 Ng6 25. fxg7 dxe5 26. Qf3 exd4 27. h3 Qe6
28. Raf1 Ne5 29. Qe4 Qd7 30. Qh7# 1-0

[Event "Tournoi Skype 032B"]
[Site "Skype"]
[Date "????.??.??"]
[Round "6.9"]
[White "Barba Cepeda, Julio Cesar"]
[Black "Marin Gomez, Ian Javier"]
[Result "1-0"]
[WhiteElo "1508"]
[BlackElo "1442"]
[PlyCount "29"]

1. e4 e5 2. Nf3 Nc6 3. Bb5 a6 4. Ba4 b5 5. Bb3 Bc5 6. c3 Nf6 7. d4 exd4 8. e5
Ne4 9. O-O O-O 10. Bd5 Ng5 11. Bxg5 Qe8 12. cxd4 Bb6 13. Nc3 Bb7 14. Bb3 Rd8
15. Bxd8 1-0

[Event "Tournoi Skype 032B"]
[Site "Skype"]
[Date "????.??.??"]
[Round "6.10"]
[White "Vincent, Andre"]
[Black "Capanema, Gleber"]
[Result "0-1"]
[WhiteElo "1533"]
[BlackElo "1400"]
[PlyCount "58"]

1. Nf3 c5 2. c4 d5 3. d4 cxd4 4. Nxd4 e5 5. Nc2 Nf6 6. e3 Bc5 7. Nc3 Bf5 8.
cxd5 O-O 9. Bc4 Nbd7 10. O-O Nb6 11. Bb3 Ng4 12. h3 Nf6 13. Re1 Qd7 14. Qf3 e4
15. Qd1 Rad8 16. a4 Nbxd5 17. Nxd5 Nxd5 18. Bd2 Nf6 19. f4 exf3 20. Qxf3 Bxc2
21. Bxc2 Qxd2 22. Qe2 Qxe2 23. Rxe2 Rfe8 24. Rae1 Ne4 25. Bxe4 Rxe4 26. b3 a5
27. g4 h6 28. Kg2 Rd3 29. Kf3 Re6 0-1

[Event "Tournoi Skype 032B"]
[Site "Skype"]
[Date "????.??.??"]
[Round "6.11"]
[White "Reese, Evan"]
[Black "Codina, Teresa"]
[Result "0-1"]
[WhiteElo "1484"]
[BlackElo "1548"]
[PlyCount "88"]

1. e4 c5 2. Nf3 d6 3. Bc4 Nf6 4. Nc3 a6 5. O-O Nc6 6. d3 e6 7. Be3 Be7 8. a3
O-O 9. h3 h6 10. Ne2 Ne5 11. Ng3 Nxc4 12. dxc4 e5 13. Qe2 Be6 14. Rad1 Qc7 15.
b3 Rfd8 16. c3 Bf8 17. Nh4 Rac8 18. Qf3 b5 19. Bxh6 gxh6 20. Qxf6 Bg7 21. Qf3
Kh8 22. Ngf5 Bxf5 23. Nxf5 Rg8 24. Rxd6 Bf8 25. Qh5 f6 26. Nxh6 Bxh6 27. Qxh6+
Qh7 28. Qxf6+ Rg7 29. Rfd1 Qxh3 30. Rd8+ Rxd8 31. Rxd8+ Kh7 32. Qf5+ Qxf5 33.
exf5 Rf7 34. g4 e4 35. g5 Rxf5 36. Rd7+ Kg6 37. Rd5 Rf3 38. Rxc5 Rxc3 39. Re5
bxc4 40. Rxe4 cxb3 41. f4 b2 42. Re6+ Kf5 43. Rb6 Rc1+ 44. Kf2 b1=Q 0-1

[Event "Tournoi Skype 032B"]
[Site "Skype"]
[Date "????.??.??"]
[Round "6.12"]
[White "Bendre, Nilesh"]
[Black "Le Bouill, Pierre"]
[Result "1/2-1/2"]
[WhiteElo "1400"]
[BlackElo "1534"]
[PlyCount "48"]

1. e4 d6 2. d4 Nf6 3. Nc3 c6 4. Nf3 g6 5. Bc4 Bg7 6. Ng5 O-O 7. O-O h6 8. Nf3
Re8 9. Be3 Nbd7 10. Qd2 Ng4 11. h3 Nxe3 12. Qxe3 e5 13. dxe5 Nxe5 14. Nxe5 dxe5
15. Qf3 Be6 16. Rad1 Qe7 17. Bd3 Rad8 18. Rfe1 Rf8 19. a3 f5 20. exf5 Bxf5 21.
Bxf5 Rxf5 22. Qg3 Rxd1 23. Rxd1 Kh7 24. b4 a6 1/2-1/2

[Event "Tournoi Skype 032B"]
[Site "Skype"]
[Date "????.??.??"]
[Round "6.13"]
[White "Jimenez Del Rosario, Alsis Raynely"]
[Black "Mfengu, Daluthando"]
[Result "0-1"]
[WhiteElo "1515"]
[BlackElo "1483"]
[PlyCount "40"]

1. b3 e5 2. Bb2 Nc6 3. Nf3 e4 4. Nd4 Nxd4 5. Bxd4 d5 6. Nc3 Nh6 7. e3 Nf5 8.
Be5 Qe7 9. Bf4 c6 10. d3 g5 11. dxe4 gxf4 12. exf5 Bg7 13. Qd3 Bxf5 14. e4 dxe4
15. Qd2 e3 16. fxe3 fxe3 17. Qe2 Bxc3+ 18. Kd1 O-O-O+ 19. Kc1 Qa3+ 20. Kb1 Qb2#
0-1

[Event "Tournoi Skype 032B"]
[Site "Skype"]
[Date "????.??.??"]
[Round "6.14"]
[White "Malbec, Robert"]
[Black "Gomez Zuluaga, Jorge Adiel"]
[Result "1-0"]
[WhiteElo "1503"]
[BlackElo "1468"]
[PlyCount "66"]

1. e4 Nc6 2. d4 d6 3. Nf3 Bg4 4. Bb5 Bd7 5. Bg5 h6 6. Bh4 a6 7. Ba4 Qb8 8. d5
Na5 9. Bxd7+ Kxd7 10. c3 b5 11. Nbd2 g5 12. Bg3 Bg7 13. O-O Nc4 14. Nxc4 bxc4
15. Rb1 Nf6 16. Re1 Ng4 17. Nd4 Ne5 18. Bxe5 Bxe5 19. Qe2 Bxd4 20. cxd4 Qb4 21.
Rec1 c3 22. bxc3 Qa3 23. Qc4 Rhc8 24. Ra1 Rab8 25. Qd3 Rb2 26. Qh3+ Kd8 27. e5
Rxa2 28. Rab1 a5 29. e6 f6 30. Qd3 c5 31. dxc6 Rxc6 32. Qb5 Qxc1+ 33. Rxc1 Rxc3
1-0

[Event "Tournoi Skype 032B"]
[Site "Skype"]
[Date "????.??.??"]
[Round "6.15"]
[White "Huerta Lopez, Cesar Rogelio"]
[Black "Vervoort, Jean-Louis"]
[Result "1-0"]
[WhiteElo "1498"]
[BlackElo "1459"]
[PlyCount "31"]

1. e4 d5 2. e5 d4 3. Bc4 Bf5 4. d3 e6 5. Nf3 Bc5 6. O-O Nh6 7. Bxh6 gxh6 8. c3
Nc6 9. b4 Be7 10. b5 Na5 11. Qa4 b6 12. Nxd4 Qd7 13. Nd2 O-O-O 14. N2b3 Nxb3
15. axb3 Kb8 16. Qxa7+ 1-0

[Event "Tournoi Skype 032B"]
[Site "Skype"]
[Date "????.??.??"]
[Round "6.16"]
[White "Pouteau, Pascal"]
[Black "Gerbaux, Regis"]
[Result "1-0"]
[WhiteElo "1616"]
[BlackElo "1400"]
[PlyCount "53"]

1. Nf3 c5 2. g3 Nc6 3. Bg2 e6 4. O-O Nf6 5. c4 d5 6. cxd5 exd5 7. d3 h6 8. Re1
Bd6 9. Nc3 a6 10. e4 dxe4 11. Nxe4 O-O 12. Nxd6 Qxd6 13. Bf4 Qd8 14. Rc1 b6 15.
Nd2 Bb7 16. Nc4 Re8 17. Nd6 Qd7 18. Rxe8+ Nxe8 19. Nxb7 Qxb7 20. Qf3 Rc8 21.
Bh3 Rd8 22. Bg2 Rc8 23. Re1 Nf6 24. Bxh6 gxh6 25. Qxf6 Qd7 26. Qxh6 Ne7 27. Bh3
1-0

[Event "Tournoi Skype 032B"]
[Site "Skype"]
[Date "????.??.??"]
[Round "6.17"]
[White "Cockayne, Curtis"]
[Black "Radice, Marco"]
[Result "1-0"]
[WhiteElo "1615"]
[BlackElo "1534"]
[PlyCount "67"]

1. Nf3 Nf6 2. d4 g6 3. c4 Bg7 4. Nc3 O-O 5. Bf4 d6 6. e4 Re8 7. Be2 Nbd7 8. O-O
e5 9. dxe5 dxe5 10. Bg5 h6 11. Bxf6 Bxf6 12. b4 Qe7 13. c5 Rd8 14. Nd5 Qf8 15.
Nxc7 Nxc5 16. Qb1 Rb8 17. bxc5 Qxc5 18. Nd5 Bg7 19. Rc1 Qd6 20. Rd1 Qf8 21. Nb4
Re8 22. Nc6 Ra8 23. Nb4 b6 24. Nd5 Rb8 25. a4 Bb7 26. Nc3 h5 27. Qa2 Bh6 28.
Rd7 Rec8 29. Nxe5 Bg7 30. Rxf7 Qb4 31. Nd5 Bxd5 32. Qxd5 Kh7 33. Qe6 Kh6 34.
Qxg6# 1-0

[Event "Tournoi Skype 032B"]
[Site "Skype"]
[Date "????.??.??"]
[Round "6.18"]
[White "Scata, Laura"]
[Black "Martin Fernandez, Enrique"]
[Result "1-0"]
[WhiteElo "1583"]
[BlackElo "1513"]
[PlyCount "73"]

1. d4 Nf6 2. Nf3 e6 3. e3 d5 4. Bd3 Bd6 5. b3 Nc6 6. a3 O-O 7. Bb2 Re8 8. Ne5
a6 9. O-O Nb8 10. Nd2 c6 11. f4 g6 12. Rf3 Nbd7 13. Rh3 h5 14. g4 Nxe5 15. fxe5
Nxg4 16. Qf3 Be7 17. Rf1 Rf8 18. Qg2 Bg5 19. Rff3 Bd7 20. a4 Be8 21. Rhg3 f6
22. Ba3 Rf7 23. Bxg6 Rg7 24. Bxe8 Qxe8 25. exf6 Rf7 26. h3 Rxf6 27. Rxf6 Bxf6
28. hxg4 h4 29. Rf3 Qg6 30. Nf1 Kh7 31. Nh2 Rg8 32. Qf2 Kg7 33. Bd6 Bg5 34.
Be5+ Kh7 35. Kg2 Qh6 36. Kh3 Be7 37. Rf7+ 1-0

[Event "Tournoi Skype 032B"]
[Site "Skype"]
[Date "????.??.??"]
[Round "6.19"]
[White "Gomez Caballero, Blas"]
[Black "Prieto Umba, Jairo Ovidio"]
[Result "1-0"]
[WhiteElo "1518"]
[BlackElo "1582"]
[PlyCount "75"]

1. d4 d5 2. Nf3 Bf5 3. Bf4 e6 4. a3 Bd6 5. Bxd6 cxd6 6. Nc3 a6 7. e3 Nc6 8. Bd3
Bxd3 9. Qxd3 Nf6 10. O-O-O Qa5 11. Nd2 b5 12. Nb3 Qb6 13. Na2 a5 14. c3 Ne4 15.
Rhf1 O-O 16. Nd2 Nf6 17. f3 Rfc8 18. Kb1 Rab8 19. b4 axb4 20. cxb4 Ra8 21. Rc1
Qa6 22. Rc3 Nd7 23. Rfc1 Rc7 24. Rb3 Nb6 25. Kb2 Na4+ 26. Ka1 Ne7 27. Rxc7 Nc6
28. Nb1 Qb6 29. Rxc6 Qxc6 30. Nbc3 Nb6 31. e4 Nc4 32. f4 Re8 33. e5 dxe5 34.
fxe5 Qd7 35. g4 Qe7 36. Qg3 Qg5 37. Ne2 Qd2 38. Nec1 1-0

[Event "Tournoi Skype 032B"]
[Site "Skype"]
[Date "????.??.??"]
[Round "6.20"]
[White "Crocioni, Luca"]
[Black "Abate, Luigi"]
[Result "0-1"]
[WhiteElo "1566"]
[BlackElo "1506"]
[PlyCount "114"]

1. d4 d5 2. Bf4 Nc6 3. Nc3 a6 4. e4 e6 5. a3 Bd6 6. e5 Be7 7. Nf3 Bd7 8. Be2
Nh6 9. Qd2 Nf5 10. h3 h6 11. g4 Nh4 12. O-O-O Ng2 13. g5 Nxf4 14. Qxf4 Bxg5 15.
Nxg5 Qxg5 16. Qxg5 hxg5 17. Rdg1 Nxd4 18. Bd3 Rh5 19. Rg4 Nf3 20. Be2 Nxe5 21.
Rg2 Rh4 22. Rxg5 Ng6 23. Rg3 O-O-O 24. Rf3 Rf4 25. Nd1 Bb5 26. Re3 d4 27. Rg3
Bxe2 28. h4 Bxd1 29. Rxd1 Nxh4 30. Rxg7 Rxf2 31. Rh1 Ng6 32. Rh6 Ne5 33. Kb1
Nc4 34. Rh3 Rf1+ 35. Ka2 Ne3 36. Kb3 c5 37. Rg5 b6 38. Rh2 b5 39. Rxc5+ Kb7 40.
Kb4 Nd5+ 41. Ka5 Nb6 42. b3 Nd7 43. Rg5 f5 44. Rg7 e5 45. Rh5 e4 46. Rh6 e3 47.
Rb6+ Kc7 48. Rxa6 e2 49. Ra8 Kb7 50. Rxd8 e1=Q+ 51. Kxb5 Qe5+ 52. Ka4 Qxg7 53.
b4 Kc7 54. Re8 Nf6 55. Re5 Nd7 56. Rd5 Rf4 57. b5 Nb6+ 0-1

[Event "Tournoi Skype 032B"]
[Site "Skype"]
[Date "????.??.??"]
[Round "6.21"]
[White "Luna Perez Vico, Lorenzo"]
[Black "Bledsoe, Megan"]
[Result "1-0"]
[WhiteElo "1562"]
[BlackElo "1436"]
[PlyCount "69"]

1. e4 e6 2. d4 d5 3. exd5 exd5 4. Nf3 Nc6 5. Nc3 Nf6 6. Bd3 Bb4 7. Bd2 Bxc3 8.
Bxc3 O-O 9. O-O Re8 10. Ne5 Ne4 11. Nxc6 bxc6 12. Be1 Bf5 13. f3 Rb8 14. b3 Bg6
15. fxe4 dxe4 16. Be2 e3 17. Bc3 Be4 18. Bf3 Bxf3 19. Qxf3 Qd7 20. Rae1 Qe7 21.
Re2 Qe4 22. Qxf7+ Kh8 23. Rf4 Qe7 24. Qxe7 Rxe7 25. Rf3 Rbe8 26. Bb4 Re4 27. c3
Kg8 28. g3 g5 29. Kg2 h5 30. Rf5 Kg7 31. Rxg5+ Kh6 32. Rf5 Kg6 33. Rf8 R8e6 34.
Kf3 Kg5 35. h4+ 1-0